Bill and Jill / (Record no. 106123)
[ view plain ]
| 000 -LEADER | |
|---|---|
| fixed length control field | 00545nam a2200205 a 4500 |
| 003 - CONTROL NUMBER IDENTIFIER | |
| control field | 0 |
| 005 - DATE AND TIME OF LATEST TRANSACTION | |
| control field | 20170302134719.0 |
| 008 - FIXED-LENGTH DATA ELEMENTS--GENERAL INFORMATION | |
| fixed length control field | 080124s19uu xx 00 eng d |
| 020 ## - INTERNATIONAL STANDARD BOOK NUMBER | |
| International Standard Book Number | 983-187-230-4 |
| 050 ## - LIBRARY OF CONGRESS CALL NUMBER | |
| Classification number | TR(GS 428.4 |
| Item number | M11 2004 |
| 100 ## - MAIN ENTRY--PERSONAL NAME | |
| Personal name | Mah, May S.M. |
| 245 ## - TITLE STATEMENT | |
| Title | Bill and Jill / |
| Statement of responsibility, etc | May S.M. Mah. |
| 260 ## - PUBLICATION, DISTRIBUTION, ETC. (IMPRINT) | |
| Place of publication, distribution, etc | Malaysia : |
| Name of publisher, distributor, etc | Rhythm distributor, |
| Date of publication, distribution, etc | 2004. |
| 300 ## - PHYSICAL DESCRIPTION | |
| Extent | 24p. |
| 440 ## - SERIES STATEMENT/ADDED ENTRY--TITLE | |
| Title | Phonics in reading |
| 500 ## - GENERAL NOTE | |
| General note | Series 2 |
| 520 ## - SUMMARY, ETC. | |
| Summary, etc | Introduces words ending with double consonant L |
| 942 ## - ADDED ENTRY ELEMENTS (KOHA) | |
| Source of classification or shelving scheme | Dewey Decimal Classification |
| Koha item type | Books |
| Withdrawn status | Lost status | Source of classification or shelving scheme | Damaged status | Home library | Current library | Shelving location | Date acquired | Source of acquisition | Total Checkouts | Full call number | Barcode | Date last seen | Price effective from | Koha item type |
|---|---|---|---|---|---|---|---|---|---|---|---|---|---|---|
| Library of Congress Classification | Elizalde Library | Elizalde Library | Teachers Reference Section | 01/24/2008 | Donation | TR(GS 428.4 M11 2004 | E11246 | 04/12/2014 | 04/12/2014 | Books |